| 000 | 01835cam a22003011 4500 | ||
|---|---|---|---|
| 001 | rc 01000910 | ||
| 003 | DLC | ||
| 005 | 20260227111901.0 | ||
| 007 | cr ||||||||||| | ||
| 008 | 810519s1894 nyuf 000 0 eng | ||
| 010 | _arc 01000910 | ||
| 040 |
_aDLC _cCarP _dDLC |
||
| 043 |
_an-us-ca _an-usp-- |
||
| 050 | 0 | 0 |
_aF867 _b.S86 |
| 100 | 1 |
_aStoddard, Charles Augustus, _d1833-1920. |
|
| 245 | 1 | 0 |
_aBeyond the Rockies; _ba spring journey in California, _cby Charles Augustus Stoddard ... |
| 260 |
_aNew York, _bC. Scribner's sons, _c1894. |
||
| 300 |
_axiii, 214 p. _bfront., plates. _c21 cm. |
||
| 520 | _aCharles Augustus Stoddard (1833-1920), a Presbyterian clergyman, was the editor of the New York Observer, 1885-1902. Beyond the Rockies (1894) recounts his train trip to California with his wife in early 1893. Their route through the south allowed for stopovers in New Orleans, San Antonio, El Paso, and an Indian Bureau school near Tucson. The Stoddards visit California from south to north, including Coronado Beach, Pasadena, Los Angeles, Santa Barbara and the missions, Yosemite, the redwood forests, Hetch-Hetchy Valley, the Santa Clara Valley, San Francisco, and Sacramento. Eastward bound, he describes stopovers in Salt Lake City, Leadville, Colorado Springs, Manitou, and Denver, and the Chicago World's Fair. | ||
| 530 | _aAlso available in digital form on the Library of Congress Web site. | ||
| 540 | _aNo known restrictions on publication. | ||
| 530 | _aAlso available in digital form on the Internet Archive Web site. | ||
| 651 | 0 |
_aCalifornia, Southern _xDescription and travel. |
|
| 651 | 0 |
_aWest (U.S.) _xDescription and travel. |
|
| 650 | 0 |
_aEthnic groups _zCalifornia. |
|
| 856 | 4 | 1 |
_dcalbk _f016 _qt _uhttp://hdl.loc.gov/loc.gdc/calbk.016 |
| 856 | 4 | 1 | _uhttp://hdl.loc.gov/loc.gdc/scd0001.00110226470 |
| 999 |
_c51953 _d51953 |
||